El cuerpo de la mujer vinculada al narcotráfico como narración de sus relaciones sociales /

Uloženo v:
Podrobná bibliografie
Hlavní autor: Mata Navarro, Itzelín del Rocío (autor)
Médium: Diplomová práce Kniha
Jazyk:španělština
Vydáno: Guadalajara, México : edición de autor, 2013
Témata:
On-line přístup:Ver documento en línea
Tagy: Přidat tag
Žádné tagy, Buďte první, kdo vytvoří štítek k tomuto záznamu!

MARC

LEADER 00000nam^a2200000^a^4500
001 000403621
005 20251023000000.0
009 20260310121742.298
037 |a Acervo ITESO - Biblioteca 
041 |a ESP 
090 |a MCD. 102 
100 |a Mata Navarro, Itzelín del Rocío  |e (autor) 
245 1 3 |a El cuerpo de la mujer vinculada al narcotráfico como narración de sus relaciones sociales /  |c I.R. Mata Navarro. 
264 1 |a Guadalajara, México :  |b edición de autor,  |c 2013 
300 |a 1 tesis electrónica en línea (154 p.) 
300 |a 1 recurso en línea 
336 |a datos para computadora  |b cod  |2 rdacontenido 
337 |a computadora  |b c  |2 rdamedio 
338 |a recurso en línea  |b cr  |2 rdasoporte 
502 |a ITESO Tesis de Maestría en Comunicación, Especialidad en Difusión de la Ciencia y la Cultura 
530 |a Existe una edición en formato digital en disco con el mismo título 
649 |a XX 
650 |a Mujeres -  |z México -  |x Condiciones Sociales y Culturales -  |x Tema Principal 
650 |a Narcotraficantes -  |z México 
650 |a Identidad Personal -  |z México 
650 |a Cuerpo Humano -  |z México -  |x Aspectos Sociales y Culturales -  |x Tema Principal 
650 |a Imagen Corporal -  |z México 
650 |a Estereotipo -  |z México 
650 |a Prácticas Culturales -  |z México 
650 |a Pertenencia Social -  |z México 
650 |a Interacción Social -  |z México -  |x Tema Principal 
650 |a Género -  |z México 
650 |a Violencia -  |z México 
650 |a Narcotráfico -  |z México -  |x Aspectos Sociales y Culturales -  |x Tema Principal 
650 |a Sociología de la Cultura 
856 4 0 |u https://rei.iteso.mx/handle/11117/2596  |y Ver documento en línea 
910 |a Fondo General 
920 |a Electrónicos - Tesis del ITESO en Línea 
930 |a Repositorio Institucional 
905 |a 201 
901 |a 403621-1  |b IT2  |c ETI  |u 20250521 
902 |a https://opac.biblio.iteso.mx/vufind/Record/000403621